| 000 | 01618nam a2200253Ia 4500 | ||
|---|---|---|---|
| 999 |
_c50941 _d50941 |
||
| 001 | 17898 | ||
| 003 | GE_BSU | ||
| 005 | 20200227165608.0 | ||
| 008 | 181216s1937 xx |||||||||||||| ||geo|| | ||
| 040 | _cGE_BSU | ||
| 041 | _ageo | ||
| 080 | _a821.353.1-1 + 821.353.1-11 + 821.353.1-32 ჭ-15 | ||
| 100 |
_aჭავჭავაძე, ი. (ილია, 1837-1907) _97595 |
||
| 245 |
_aთხზულებანი: სრული კრებული ხუთ ტომად : _b ტ.1. ლექსები, პოემები,მოთხრობები / _cილია ჭავჭავაძე ; რედ : პავლე ინგოროყვა ; და ალ. აბაშელი. შალვა რადიანის შესავ. წერილით. |
||
| 264 |
_aთბილისი : _bსახელგამის გამ-ბა, _c1937. |
||
| 300 |
_a851 გვ. : _b1 ჩართ. ფურც. პორტრ. _c 26 სმ. |
||
| 504 | _aბიბლიოგრ.: ლიტერატურა წინასიტყვაობაში. - წანართში: ი. ჭავჭავაძის ავტოგრაფი | ||
| 653 | _aთხზულებანი | ||
| 653 | _aლექსები, პოემები,მოთხრობები | ||
| 653 | _aქართული ლიტერატურა | ||
| 700 |
_aინგოროყვა, პავლე _eრედაქტორი _91192 |
||
| 700 |
_aაბაშელი, ალ _eრედაქტორი _97596 |
||
| 942 |
_cBK _2udc |
||